000 00654cab a2200241 4500
001 ABS60419
008 090401t1999 xxu||||| |||| 00| 0 eng d
035 _a(Sirsi) u92815
041 _aeng
245 _aCost model - out-of-town commercial offices
260 _c1999
350 _a0
490 _aBuilding Services Journal
_v21 (4) April 1999, 15-17(3)
650 _aCOST MODELS
650 _aDESIGN CRITERIA
650 _aINSTALLATIONS
650 _aMECHANICAL AND ELECTRICAL SERVICES
650 _aOFFICE BUILDINGS
650 _aOUT-OF-TOWN OFFICES
690 _aBUILT ENVIRONMENT-BUILDING COSTS
942 _n0
948 _c16/04/1999
999 _c58826
_d58826